书目信息 |
| 题名: |
测试与传感技术
|
|
| 作者: | 沈艳 编著 | |
| 分册: | ||
| 出版信息: | 北京 电子工业出版社 2016.01 |
|
| 页数: | 199页 | |
| 开本: | 26cm | |
| 丛书名: | ||
| 单 册: | ||
| 中图分类: | TP212.06 | |
| 科图分类: | ||
| 主题词: | 传感器--测试技术--高等学校--教材 | |
| 电子资源: | ||
| ISBN: | 978-7-121-27529-6 | |
| 000 | 01124nam0 2200277 450 | |
| 001 | 012016003281 | |
| 005 | 20170418142046.60 | |
| 010 | @a978-7-121-27529-6@dCNY30.00 | |
| 100 | @a20160108d2016 em y0chiy50 ea | |
| 101 | 0 | @achi |
| 102 | @aCN@b110000 | |
| 105 | @aa z 000yy | |
| 106 | @ar | |
| 200 | 1 | @a测试与传感技术@9ce shi yu chuan gan ji shu@f沈艳[等]编著 |
| 205 | @a2版 | |
| 210 | @a北京@c电子工业出版社@d2016.01 | |
| 215 | @a199页@c图@d26cm | |
| 300 | @a普通高等院校仪器类“十三五”规划系列教材 | |
| 304 | @a编著还有:陈亮,离兵,杨平 | |
| 330 | @a本书以测试流程为主线,围绕工程测试系统的设计,着重介绍测试系统的基本知识,内容主要包括:测试系统的组成及基本特性、常用传感器以及一些新型传感器的原理及应用、信号变换与调理、信号分析与处理、现代测试技术。书中提供了大量的工程实例,本书附有电子课件和习题答案。 | |
| 333 | @a本书适合机械、自动化、电气、测控等相关专业,高等学校相关教师和从事测试技术工作的工程技术人员 | |
| 606 | 0 | @a传感器@x测试技术@x高等学校@j教材 |
| 690 | @aTP212.06@v5 | |
| 701 | 0 | @a沈艳@9shen yan@4编著 |
| 801 | 0 | @aCN@b人天书店@c20160108 |
| 905 | @b984276-79@dTP212.06@e56=2@f4 | |
| 测试与传感技术/沈艳[等]编著.-2版.-北京:电子工业出版社,2016.01 |
| 199页:图;26cm |
| 普通高等院校仪器类“十三五”规划系列教材.-使用对象:本书适合机械、自动化、电气、测控等相关专业,高等学校相关教师和从事测试技术工作的工程技术人员 |
| ISBN 978-7-121-27529-6:CNY30.00 |
| 本书以测试流程为主线,围绕工程测试系统的设计,着重介绍测试系统的基本知识,内容主要包括:测试系统的组成及基本特性、常用传感器以及一些新型传感器的原理及应用、信号变换与调理、信号分析与处理、现代测试技术。书中提供了大量的工程实例,本书附有电子课件和习题答案。 |
| ● |
| 相关链接 |
|
|
|
|
正题名:测试与传感技术
索取号:TP212.06/56=2
 
预约/预借
| 序号 | 登录号 | 条形码 | 馆藏地/架位号 | 状态 | 备注 |
| 1 | 984276 | 209842768 | 第二样本阅览室/ [索取号:TP212.06/56=2] | 在馆 | |
| 2 | 984277 | 209842777 | 第三借阅区/ [索取号:TP212.06/56=2] | 在馆 | |
| 3 | 984278 | 209842786 | 第三借阅区/ [索取号:TP212.06/56=2] | 在馆 | |
| 4 | 984279 | 209842795 | 密集书库-物理学院/ [索取号:TP212.06/56=2] | 在馆 |